[Event "NED-ch 2005"]
[Site "Leeuwarden"]
[Date "2005.09.12"]
[Round "5"]
[White "Nijboer, Friso"]
[Black "Ernst, Sipke"]
[Result "0-1"]
[WhiteElo "2529"]
[BlackElo "2457"]
[Annotator "Psakhis"]
[PlyCount "54"]
[EventDate "2005.09.06"]
[Source "ChessBase"]
[SourceDate "2006.01.31"]

1. e4 e6 2. d4 d5 3. Nd2 c5 4. exd5 Qxd5 5. Ngf3 cxd4 6. Bc4 Qd6 7. Qe2 Nf6 8.
Nb3 Nc6 9. Bg5 Qb4+ (9... Be7 10. O-O-O e5 11. Bb5 Bg4 12. Qxe5 Qxe5 13. Nxe5
Bxd1 14. Nxc6 Be2 15. Nxe7+ Bxb5 16. Nf5 O-O 17. Bxf6 gxf6 18. Nbxd4 Bd7 19.
Rd1 Bxf5 20. Nxf5 Rfd8 21. Nd4 Rac8 22. c3 Rc5 23. Kc2 Rg5 {
1/2-1/2 Zaw Win Lay-Villamayor,B/Asean GM Bangkok 2004/ChessBase (32)}) ({RR} 
9... a6 $5) 10. Bd2 Qb6 11. O-O-O Bd7 (11... Be7 12. Bf4 Nh5 13. Be5 O-O 14.
Nbxd4 Nxe5 15. Nxe5 Nf4 16. Qe4 Ng6 17. Nxg6 hxg6 18. h4 Qc5 19. Nb3 Qxf2 20.
h5 Qf5 21. Qe2 Bf6 22. Rdf1 Qe5 {1-0 Berg,E-Nygren,D/Stockholm RC 2005/ (60)})
12. Bg5 (12. Bf4 Bc5 13. Ne5 O-O 14. g4 Rfd8 15. Rhg1 Be8 16. Nxc6 Qxc6 17. Be5
Be7 18. g5 Nd7 19. Bxd4 Rac8 20. Bd3 Nc5 21. Bxc5 Bxc5 22. Nxc5 Qxc5 {
0-1 Koscielski,J-Malakhatko,V/Bad Zwesten op 2005 (53)}) 12... Rc8 (12... h6 $5
13. Bxf6 gxf6 14. Nbxd4 O-O-O 15. Kb1 Bc5 16. Nb3 Be7 17. Rhe1 Kb8 18. Nfd4
Nxd4 19. Nxd4 Ba4 20. Nb3 Qc7 $15 {Todorevic,G (2511)-Nogueiras,J (2545)/Dos
Hermanas Internet knockout 2005/1/2-1/2 (46)}) (12... Bc5 13. Kb1 $5 (13. Ne5
Nxe5 14. Qxe5 Bd6 15. Qxd4 Qxd4 16. Nxd4 Bc5 17. Rhe1 O-O-O 18. f3 Rhe8 {
1/2-1/2 Satyapragyan,S-Lahno,K/Dubai op 2004/}) 13... O-O-O 14. Ne5 Nxe5 15.
Qxe5 Bd6 16. Qe2 h6 (16... e5) 17. Bd2 Bb4 18. Bxb4 Qxb4 19. Nxd4 Kb8 20. f4
Qc5 21. Nf3 Ng4 22. Rd4 Bc8 $11 {
Adams,M-Akopian,V/Enghien-les-Bains 88/248 2003/ 1/2-1/2 (61)}) 13. Nbxd4 {
This is a new try, but as this game shows, Black has nothing to fear here} ({
White played few times} 13. Nfxd4 $5 {keeping control under c5 square and it
is not easy for black to equalize game, for example} 13... Be7 14. Bxf6 $5 (14.
Nb5 Nb4 15. Be3 Qc6 16. Na5 Qe4 17. Nxa7 Ra8 18. Bb5 O-O 19. Bxd7 Rxa7 20. f3
Nxa2+ 21. Kb1 Qb4 22. Nb3 b6 23. Rd4 Qc3 $132 {
Ginsburg,G-Luther,T/BL2 0001 2001/0-1 (28)}) 14... Bxf6 ({Worth considering} 
14... gxf6 15. Bb5 $14) 15. Nb5 Be5 16. Nd6+ Bxd6 17. Rxd6 Qc7 18. Rhd1 $36)
13... Be7 (13... Nxd4 $5 {is also possible, but after} 14. Rxd4 (14. Nxd4 Qc5
15. Bxf6 (15. Nxe6 $2 fxe6 16. Rxd7 Nxd7 $1 17. Qxe6+ Be7 18. f4 Kd8 $19) 15...
Qxc4 16. Qxc4 Rxc4 $15) 14... Bc5 15. Rd2 $14 {
white keeps initiative: his pieces are more active and king better protected.})
14. Nxc6 (14. Nb5 $5 Nb4 $1) 14... Bxc6 (14... bxc6 15. Ne5 $16) 15. Ne5 O-O ({
Another promising possibility was} 15... Ba4 $1 16. Rd2 (16. b3 O-O $1 17. Be3
$140 Ba3+ 18. Kb1 Bc5 $11) 16... O-O $11) 16. Nxf7 $6 {
Looks tempting, but doesn't work properly!} (16. f4 $5 {
leads to balanced position.}) 16... Bd5 $1 (16... Rxf7 $2 17. Qxe6 Rcf8 18.
Qxe7 $18) 17. Ne5 $2 {Another step in wrong direction.} ({After simple} 17.
Bxd5 $140 $1 Nxd5 18. Bxe7 Rxf7 19. Bh4 Nb4 $1 20. Kb1 Nxc2 21. Qd3 $1 {
white's position is very solid.}) 17... Bxc4 18. Nxc4 Qa6 19. Rd4 Rc5 (19...
Bc5 20. Rh4 h6 $1 (20... Qxa2 $2 21. Qxe6+ Kh8 22. Bxf6 Rc7 $8 23. Qe5 $1 $18)
21. Bxf6 Rxf6 $15) 20. Bd2 Qxa2 (20... e5 $1 {
was very strong move and White needs already good advice.After almost forced}
21. Bb4 (21. Rh4 Qxa2 22. Na3 Rfc8 $19) 21... exd4 22. Qxe7 Rcc8 {
Ernst could win game at once. But move in the game also not bad.}) 21. Bb4 (21.
Qxe6+ Kh8 22. c3 (22. Bb4 Ng8) 22... Rc7 $36) 21... Rd5 ({Funny move} 21... Re5
$5 {could be interesting alternative to the text, for example} 22. Nxe5 (22.
Qxe5 $2 Qa1+ 23. Kd2 Bxb4+ 24. c3 Qxh1 25. Qxe6+ Kh8 26. cxb4 (26. Ne5 Bc5)
26... Qxg2 $17) 22... Qa1+ 23. Kd2 Bxb4+ 24. Rxb4 Qxh1 $15) 22. Qxe6+ Kh8 23.
Qxe7 Rc8 $6 {Serious mistake!} ({
It looks that Ernst could get clear advanatage after} 23... Qa1+ $142 24. Kd2
Rxd4+ 25. Ke3 (25. Kc3 $2 Rxc4+ $1 26. Kb3 (26. Kxc4 Qa2+ 27. Kd3 Qd5+ 28. Ke2
Re8 $19) 26... Rxb4+) 25... Re4+ $1 26. Kd2 (26. Qxe4 Qxh1 27. Qxb7 Re8+ $19)
26... Rxe7 27. Rxa1 Rd8+ 28. Kc1 Re2 $17 {
and White hasn't too many chances for survival.}) 24. Rxd5 $2 {
Nijboer has obviously lost the thread.} (24. Bc3 $142 $1 Rxd4 $8 (24... Qa1+
25. Kd2 Rxd4+ 26. Bxd4 Qxh1 27. Nd6 $18) 25. Bxd4 Qxc4 26. Bc3 $16) 24... Nxd5
25. Qxb7 $4 {This terrible move reverses the outcome of the game.} (25. Qe6 $1
Qxc4 $8 26. Bc3 $8 Qf4+ 27. Bd2 (27. Kb1 Nxc3+ 28. bxc3 Rf8 $15) 27... Rxc2+ $1
28. Kb1 $8 (28. Kxc2 Qc4+ $19) 28... Rxb2+ $1 29. Ka1 Ra2+ $1 30. Kb1 Rb2+ $11
{This nice variation resembles famous game Steinitz-Fon Bardeleben Hastings
1895. It will be nice end of interesting game.}) 25... Qxc4 26. Bc3 (26. c3
Nxb4) 26... Nxc3 27. bxc3 Qf4+ $1 {Possibly Friso forget about this check.
Pity, but it is could happen with everyone!} (27... Qf4+ 28. Kb1 Rb8) 0-1

[Event "NED-ch 2005"]
[Site "Leeuwarden"]
[Date "2005.09.12"]
[Round "5"]
[White "Tiviakov, Sergei"]
[Black "Werle, Jan"]
[Result "1-0"]
[WhiteElo "2678"]
[BlackElo "2514"]
[Annotator "Tiviakov"]
[PlyCount "97"]
[EventDate "2005.09.06"]
[Source "ChessBase"]
[SourceDate "2006.01.31"]

{Before the Dutch championship I was in a very good form, winning almost all
the tournaments where I was playing. And having prepared well for this
tournament I was hoping to win the championship. The reality came different, I
was getting winning positions only to draw them. Thus, I just gave 1,5 points
as a present to my opponents. This game against Jan Werle is my win from the
Championship. Who would have thought that I would win only 1 game?!} 1. e4 e5
2. Bc4 {Usually I make this move to avoid the Petroff Defence.} 2... Nf6 3. d3
Nc6 4. Nf3 Be7 5. O-O O-O 6. Bb3 ({Later in the same Dutch championship Erik
van den Doel tried another approach, which also gave him slightly better
chances:} 6. Re1 d6 7. c3 Na5 8. Bb5 a6 9. Ba4 c5 10. Nbd2 b5 11. Bc2 Nc6 12.
Nf1 Re8 13. h3 Qc7 14. Ne3 Bf8 15. Nh2 Be6 16. Bb3 Na5 17. Bxe6 fxe6 18. Neg4
Nxg4 19. Qxg4 Nc6 20. Nf3 Qf7 21. Qg3 Be7 22. Be3 Qh5 23. d4 cxd4 24. cxd4 Bf6
25. Red1 exd4 26. Nxd4 Ne5 27. b3 Rac8 28. Rdc1 d5 29. exd5 exd5 30. Rxc8 Rxc8
31. Rf1 h6 32. Bd2 Qg6 33. Qe3 Qd3 34. f4 Qxe3+ 35. Bxe3 Nf7 36. Rd1 Nd6 37.
Nf3 Nf5 38. Bf2 Ne7 39. Kf1 Rc2 40. Rd2 Rxd2 41. Nxd2 Kf7 42. Ke2 Ke6 43. g4 g6
44. Bc5 Nc6 45. Ke3 h5 46. Nf3 hxg4 47. hxg4 Bb2 48. Ne1 Bf6 49. Nd3 Bd8 50.
Kf3 Bc7 51. Ke3 Bd8 52. Bd4 Be7 53. Bb2 Bd6 54. Ne1 Bc5+ 55. Kf3 Bd6 56. Nd3
Nb4 57. Nxb4 Bxb4 58. Be5 Be7 59. Ke3 Bc5+ 60. Kd3 Bb6 61. Bd4 Bc7 62. Be3 Bd8
63. Bd4 {1/2-1/2 Van den Doel,E-Werle,J/Leeuwarden NED 2005/CT-1773 (63)}) 6...
d6 7. c3 Na5 8. Bc2 c5 {This position took place in my 4 different games. In 2
I played 9.Re1, in 2 other - 9.a3. Here White has several different approaches
to choose from.} 9. a3 (9. Re1 Nc6 10. Nbd2 Re8 11. a3 Bf8 12. b4 g6 (12... a6
13. Nf1 h6 14. Ne3 d5 15. exd5 Nxd5 16. Nxd5 Qxd5 17. d4 cxd4 18. Nxd4 Nxd4 19.
cxd4 e4 20. Bf4 Bf5 21. Ba4 Bd7 22. Bb3 Qf5 23. Be5 Qg6 24. Re3 Be6 25. d5 Bg4
26. Qd4 f6 27. Bc7 Kh8 28. Rg3 Qh5 29. d6 Bd7 30. Qd5 Qxd5 31. Bxd5 Re5 32. Rd1
Rxd5 33. Rxd5 Kg8 34. h4 Kf7 35. h5 Ke6 36. Rd4 Bc6 37. Re3 Kd7 38. f3 Re8 39.
fxe4 Re5 40. g4 Rg5 41. Rg3 Re5 42. Kf2 Rxe4 43. Rxe4 Bxe4 44. Re3 Bd5 45. Rd3
Bxd6 46. Rxd5 Kxc7 47. Kf3 {1-0 Tiviakov,S-Granados Gomez,M/Sanxenxo 2004 (47)}
) 13. Ba4 cxb4 14. axb4 Bd7 15. Nc4 h6 16. Be3 Ng4 17. Bd2 a6 18. b5 Na7 19. b6
Bxa4 20. Qxa4 Nc6 21. Ne3 Nxe3 22. Bxe3 Qd7 23. Nd2 d5 24. Nb3 Rad8 25. Bc5
dxe4 26. dxe4 Qc8 27. Red1 Rxd1+ 28. Rxd1 Rd8 29. Rd5 Bxc5 30. Nxc5 Rxd5 31.
exd5 Ne7 32. d6 Qxc5 33. Qe8+ Kg7 34. Qxe7 {
1/2-1/2 Tiviakov,S-Bruzon Bautista,L/Calvia 2004 (34)}) 9... Nc6 10. b4 a6 11.
h3 Re8 12. Re1 Bf8 {With some transposition we have reached the same position
as in Tiviakov-Ernst from Dieren 2004.} 13. Be3 $5 $146 ({
Only this move is new. After} 13. Nbd2 h6 (13... d5 $5 {and}) (13... b5 $5 {
deserve serious attention.}) 14. d4 cxd4 15. cxd4 exd4 16. Bb2 Bd7 ({or} 16...
d5 17. Nxd4 Nxd4 18. Bxd4 dxe4 19. Nxe4 $14 {with advantage for White}) 17.
Nxd4 $14 {White has received a small advantage which eventually I converted
into a full point. E.g.} 17... a5 18. bxa5 Qxa5 $2 (18... Rxa5) 19. Nxc6 bxc6
20. Bxf6 gxf6 21. Nc4 Qc5 22. Qd3 $16 f5 (22... Kg7) 23. exf5 Bg7 24. f6 Bxf6
25. Nxd6 Rxe1+ 26. Rxe1 $18 Kf8 27. Nxf7 Bf5 28. Qxf5 Qxf5 29. Bxf5 Kxf7 30.
Rc1 Ra5 31. g4 c5 32. a4 Rxa4 33. Rxc5 Rf4 34. Rc7+ Kf8 35. Kg2 Bh4 36. Rc2 Kg7
37. Re2 Rb4 38. Be4 Rb3 39. Rc2 Bg5 40. Rc6 Rb4 41. Bf5 Rb3 42. Bc2 Rb4 43. Kg3
Bf4+ 44. Kh4 Bg5+ 45. Kh5 Rf4 46. h4 Bf6 47. Rc7+ Kf8 48. g5 hxg5 49. hxg5 Be5
50. Rc5 Rxf2 51. Rxe5 Rxc2 52. Kg6 Rg2 53. Ra5 Rg1 54. Ra8+ Ke7 55. Rg8 Rg2 56.
Kh7 Ke6 57. g6 Kf5 58. Rf8+ Kg5 59. g7 Rh2+ 60. Kg8 Ra2 61. Rd8 Kg6 62. Rd6+
Kg5 63. Re6 {1-0 Tiviakov,S-Ernst,S/Dieren 2004/CBM 101 ext (63)}) (13. Bg5 $5
{deserves serious attention. After the exchange on f6 the d5 square will
become weak and White can hope for the advantage because of the bad bishop f8.}
) 13... cxb4 $6 ({It is premature to exchange on b4, there was no direct
threat and Black should have played} 13... b5 $142 14. Nbd2 {etc}) 14. axb4 b5
15. Nbd2 ({It is a pity but White can't play} 15. d4 $6 {
immediately since he is not fully developed. After} 15... exd4 16. Nxd4 Bb7 17.
Nd2 (17. Bg5 $6 h6 18. Bh4 Nxd4 19. Qxd4 g5 20. Bg3 Bg7 {is bad for White})
17... d5 $11 {Black reaches equality.}) 15... Bb7 ({But} 15... a5 {
can be met by} 16. d4 $14 {with the initiative in the center.}) 16. Bg5 h6 ({
Here and 1 move later Black should have considered seriously to play} 16... Be7
$5 {, followed by Nd7 or Nh5, trying to exchange the bad bishop f8.}) 17. Bh4
Rc8 (17... Be7 $5 {/\Nd7, /\Nh5}) 18. Nf1 (18. Nb3 $5 {deserved the most
serious attention, preventing once and forever the possible advance a6-a5. But
during the game I thought my knight will better be placed on e3, controlling
the square d5. Well, it is not easy during the game to take such decisions.})
18... Nb8 19. Ra3 Nbd7 20. Ne3 Qc7 21. Bb3 g6 ({Black continues to play
passively when he had an excellent possibility to free himself and to exchange
a couple of pawns.} 21... a5 $142 {should have been preferred when after} 22.
Rxa5 (22. bxa5 d5 23. Ra2 dxe4 24. dxe4 Bxe4 $13 {is unclear}) (22. Bxf6 axb4
$1) 22... Qxc3 23. Bxf6 ({or} 23. Rxb5 Bc6 24. Ra5 Qxb4 25. Ra1 $14 {
with slight advantage for White}) 23... Nxf6 24. Rxb5 Bc6 25. Rb6 Nd7 26. Ra6
Qxb4 27. Bd5 $14 {White is only marginally better.}) 22. Nh2 Bg7 ({Here} 22...
a5 {is not as good as 1 move before. For example,} 23. Nhg4 $5 (23. Rxa5 Qxc3)
23... axb4 24. cxb4 $16 {with a huge advantage for White}) ({
But another freeing move deserved serious attention. After} 22... d5 23. Nxd5
Nxd5 24. Bxd5 Bxd5 25. exd5 a5 26. Rxa5 Qxc3 27. Rxb5 Bxb4 28. Nf3 $14 {
White has an extra pawn, but only is slightly better.}) 23. Qf3 ({
Preparing 24.Ng4, but immediate} 23. Nhg4 $5 {
could have been better, planning to meet} 23... Nh5 $14 {by} 24. Nd5 Bxd5 25.
Bxd5 Nf4 26. Ba2 $36 {with an advantage due to the pair of bishops.}) 23... d5
$8 ({
Black has to play energetically otherwise he is just positionally lost. After} 
23... Rf8 24. Nhg4 Nxg4 25. hxg4 $16 {his position is very difficult.}) 24.
Nxd5 Nxd5 25. Bxd5 Bxd5 26. exd5 Qd6 $8 ({Again the only move. After} 26... e4
27. Rxe4 Rxe4 28. dxe4 $18 {White wins.}) 27. Rea1 ({White has no time for} 27.
g4 {when after} 27... g5 28. Bg3 Nf6 $11 {
Black is OK. White has to worsen the position of the knight d7 first.}) 27...
Nb8 28. g4 ({During the game I thought I have no time for} 28. Nf1 $5 {
since Black wins the piece after} 28... f5 29. Nd2 f4 $140 {
, but White can just sacrifice the bishop with a strong attack after} (29... g5
30. Bg3 $18) 30. Ne4 Qf8 31. Qg4 g5 32. Bxg5 hxg5 33. Nxg5 $16) 28... g5 29.
Bg3 Red8 {Now Black wins the pawn d5 back, but his position remains
compromised. If White brings his knight to f5 it will be very difficult for
Black to save the position.} 30. Qe2 Qxd5 31. Rd1 Rc6 $138 ({
If Black plays passively he is just lost. May be} 31... e4 {
loses as well, but it should have been played. After} 32. d4 f5 (32... Nd7 33.
Nf1 {/\Ne3-f5}) 33. gxf5 Qxf5 34. Bxb8 Rxb8 35. Rxa6 Rbc8 36. Qe3 $16 {
White has an extra pawn with advantage.}) 32. Nf1 $16 {
Now the transfer Ne3-f5 cannot be stopped.} 32... Nd7 33. Ne3 Qe6 34. Nf5 Bf8
$6 $138 ({This move loses.} 34... Re8 $16 {was necessary.}) 35. d4 $1 {
After this break in the center Black is not able to save the material.} 35...
exd4 ({After} 35... Nb6 36. dxe5 Rxd1+ 37. Qxd1 Nc4 38. Ra1 $16 {
White is 1 pawn up} ({or} 38. Nd4 Qd5 39. Ra1 $16 {with advantage})) 36. Qxe6
fxe6 (36... Rxe6 {loses after} 37. Rxd4 Rc6 $8 38. Rd3 $18 {followed by Ra1-d1}
) 37. Nxd4 $18 Nf6 ({other moves lose as well. E.g.} 37... Nb6 38. Rxa6 $18) (
37... Rcc8 38. Nxe6 $18) (37... Rb6 38. Bc7 $18) 38. Rda1 $1 {
The black pawns are under attack.} 38... Rcc8 ({or} 38... Rc4 39. Nxe6 $18 {
winning} (39. Rxa6 $18)) 39. Nxe6 Rd3 40. Rxa6 Rdxc3 ({Probably,} 40... Ne4
$142 $5 {was better, although White still wins after} 41. Nxf8 ({or} 41. Be5
$18) 41... Rxf8 42. Be5 $18) 41. Nxg5 ({It was also possible to exchange into
a winning rook endgame with extra 2 pawns after} 41. Nxf8 Rxf8 42. Be5 Rf3 43.
Rxf6 R8xf6 44. Bxf6 Rxf6 45. Ra8+ Kg7 46. Rb8 Rf3 47. Kg2 Rb3 48. Rxb5 $18 {_|_
}) 41... R3c6 42. Ne6 ({Or} 42. Rxc6 Rxc6 43. Nf3 Bxb4 44. Nd4 $18 {winning})
42... Bxb4 (42... Rxa6 43. Rxa6 Bxb4 44. Rb6 $18) 43. Rxc6 (43. Nd4 $18) 43...
Rxc6 44. Ra8+ Kh7 45. Ra7+ Kg8 46. Nd4 Rc5 (46... Rc1+ 47. Kg2 Bc5 48. Rc7 Ne4
49. Bf4 $18) 47. Nf5 (47. Rb7 $18) 47... h5 ({
This move loses immediately. But even after the stronger} 47... Bd2 $142 48.
Bd6 Rc1+ 49. Kg2 $18 {the game would not last much.}) 48. Nh6+ Kh8 49. g5 1-0

[Event "NED-ch 2005"]
[Site "Leeuwarden"]
[Date "2005.09.13"]
[Round "6"]
[White "Werle, Jan"]
[Black "Smeets, Jan"]
[Result "1-0"]
[WhiteElo "2514"]
[BlackElo "2537"]
[Annotator "Lutz"]
[PlyCount "79"]
[EventDate "2005.09.06"]
[Source "ChessBase"]
[SourceDate "2006.01.31"]

1. Nf3 d5 2. d4 c6 3. c4 Nf6 4. Nc3 e6 5. Bg5 h6 6. Bh4 dxc4 7. e4 g5 8. Bg3 b5
9. Be2 Bb7 10. h4 g4 11. Ne5 h5 12. O-O Nbd7 13. Qc2 Nxe5 14. Bxe5 Bg7 15. Rad1
O-O 16. f3 $6 Nh7 17. Bxg7 Kxg7 18. fxg4 Qxh4 19. gxh5 Ng5 20. Qd2 {Soweit war
noch alles bekannt und Schwarz forcierte in den Vorgaengerpartien mittels 20...
Nh3+ das Dauerschach. Dies ist auch der Grund, warum aus
eroeffnungstheoretischer Sicht 16.f3?! als harmlos gilt und Weiss meist 15.Bg3
oder 16.Bg3 versuchte.} 20... Qg3 $5 {.... aber Schwarz will mehr. Vielleicht
musste Schwarz aus turniertaktischen Gruenden auf Gewinn spielen, angesichts
des passiven Bb7 ist dies jedoch riskant.} (20... Nh3+ 21. gxh3 Qg3+ 22. Kh1
Qxh3+ 23. Kg1 Qg3+ $11) 21. Bf3 Rad8 22. Ne2 Qh4 (22... Nh3+ 23. Kh1 Nf2+ 24.
Rxf2 $1 Qxf2 25. Qg5+ Kh7 26. Qf6 Rd7 27. e5 {gibt Weiss Angriff.}) 23. Qc3 f6
(23... Nxe4 24. Bxe4 Qxe4 25. Qg3+ Kh8 (25... Kh7 26. Nc3) 26. Rf6 $40) 24. g3
Qh3 25. Qe3 c5 (25... e5 26. dxe5 Nxf3+ 27. Qxf3 fxe5 28. Qa3 $16) 26. d5 e5 {
Schwarz will mit ...Rh8 und ...Bc8 am Koenigsfluegel aufmarschieren und gibt
dafuer seine Bauern am Damenfluegel her.} (26... exd5 27. exd5 $16) 27. Qxc5
Rf7 28. Qxb5 Rh8 29. Qxc4 Bc8 $2 {
Schwarz musste unbedingt den wichtigen weissen Verteidigungslaeufer abtauschen.
} (29... Nxf3+ 30. Rxf3 Bc8 (30... Rxh5 31. Kf2 Bc8 $44) 31. Kf2 Bg4 $44 {
und die Lage ist nicht klar.}) 30. Bg2 Qxh5 31. Kf2 $16 {
Jetzt hat Schwarz nicht genuegend Kompensation fuer die beiden Bauern.} 31...
Qh2 $2 (31... f5 32. exf5 Bxf5 33. Ke1 $16) 32. Rh1 $18 Ba6 33. Qxa6 Nxe4+ 34.
Kf1 Nxg3+ 35. Nxg3 Qxg3 36. Rxh8 Qf4+ 37. Kg1 Qe3+ 38. Kh1 Kxh8 39. Qc8+ Kg7
40. Qh3 1-0